000 00324nam a2200145 4500
008 190521s2000||||xo d
245 1 0 _aChlieb náš každodenný
260 _bInternacional
_aLucenec
_c2000
250 _a1.vydanie
300 _a192s.
020 _c0
041 1 _aslo
044 _axo
_cSK
958 _aAPR
999 _c22421
_d22421